Normale Ansicht
MARC-Ansicht
Eintrag Personenname
001 - Kontrollnummer
- Kontrollfeld: 14494
003 - Kontrollnummer Identifier
- Kontrollfeld:
005 - Datum und Zeit der letzten Transaktion
- Kontrollfeld: 20220914165210.0
008 - Datenelemente mit fester Länge
- Kontrollfeld mit fester Länge: 220914|| aca||aabn | a|a d
040 ## - Katalogisierungsquelle
- Original-Katalogisierungsstelle:
- Übertragungsstelle:
100 ## - Ansetzung - Personenname
- Personenname: Rovinskij, Dmitrij A
670 ## - Datenquelle
- Quellenangabe: Work cat.: ()19890: Rovinskij, Dmitrij A., Materialy dlja russkoj ikonografii